000 005370000a22001810004500
003 MACL
005 20160416160459.0
008 160416b xxu||||| |||| 00| 0 eng d
040 _aMACL
_cMACL
041 _aHindi
082 _a640 DIX
100 _aदीक्षित राजेश
_940693
245 _aकम्‍पलीट फर्स्‍ट-एड
_b
260 _bपरमहंस प्रकाशन
_c2009
_aमथुरा
350 _a150
650 _aHome Economics
_952513
942 _cHIN
_k640/DIX
_2ddc
999 _c42764
_d42764